|
|
|
|
| LEADER |
00590cam a2200181ua 4500 |
| 008 |
121015t2011||||||||||| 00 ||eng c |
| 041 |
0 |
|
|a eng
|
| 082 |
|
|
|a 809.3
|b MAC/C
|
| 245 |
1 |
0 |
|a Cambridge introduction to the novel /
|
| 260 |
|
|
|a New York:
|b Cambridge University Press,
|c 2011.
|
| 300 |
|
|
|a 217p..
|
| 362 |
1 |
|
|a 2011.
|
| 650 |
|
|
|a Fiction-History and criticism
|
| 650 |
0 |
|
|a Literature
|
| 700 |
0 |
2 |
|a Mackay,, Marina
|
| 942 |
|
|
|c BK
|
| 999 |
|
|
|c 27792
|d 27792
|
| 952 |
|
|
|0 0
|1 0
|4 0
|6 809_300000000000000_MAC
|7 0
|9 29560
|a KUCL
|b KUCL
|d 2014-05-23
|l 2
|m 1
|o 809.3 MAC/
|p 29287
|r 2016-09-17
|s 2016-08-23
|w 2014-05-23
|y BK
|